| 000 | 00719nam a22002297a 4500 | ||
|---|---|---|---|
| 999 |
_c11846 _d11846 |
||
| 003 | AR-CdUCM | ||
| 008 | 190405b ||||| |||| 00| 0 spa d | ||
| 020 | _a9972-847-36-5 | ||
| 040 |
_aMUNICIPALIDAD PROVINCIAL DEL CUSCO _cBIBLIOTECA MUNICIPAL DEL CUSCO |
||
| 082 |
_aES / 803 / _bSA26 |
||
| 100 |
_aSaric, Zinka _929304 |
||
| 245 | _aAinhoa la estrella que viene del norte / | ||
| 260 |
_aLima : _bEdiciones generales Santillana, _c2004. |
||
| 300 |
_a84 paginas ; _bIlustraciones, graficos, dibujos, _c20x22 cm. |
||
| 500 | _aCuento | ||
| 650 |
_aCuento _94671 |
||
| 650 |
_aHistoria _9136 |
||
| 650 |
_aLiteratura _983 |
||
| 650 |
_aTexto educativo _925832 |
||
| 942 |
_2ddc _cLIBROS |
||
| 945 |
_apjha _d2019-04-05 |
||